Normal view
MARC view
Entry Personal Name
001 - CONTROL NUMBER
- control field: 155417
003 - CONTROL NUMBER IDENTIFIER
- control field: OSt
005 - DATE AND TIME OF LATEST TRANSACTION
- control field: 20240319145000.0
008 - FIXED-LENGTH DATA ELEMENTS
- fixed length control field: 240319|| aca||aabn | a|a d
040 ## - CATALOGING SOURCE
- Original cataloging agency: OSt
- Transcribing agency: OSt
100 ## - HEADING--PERSONAL NAME
- Personal name: Shaileshchand R Marlady
670 ## - SOURCE DATA FOUND
- Source citation: Work cat.: (OSt): Shaileshchand R Marlady, Study of the Agricultural Loans Provided by the South Canara District Centeral Co Operative Bank Ltd Mangalore